Quizzes
Events
Quiz Creation
Community
Videos
Private Events
Remove Ads
Sign In
Join for FREE
Feedback
Dark Mode
Quiz Categories
Sports
Geography
Music
Movies
Television
Just For Fun
Miscellaneous
History
Literature
Language
Science
Gaming
Entertainment
Religion
Holiday
For Kids
Quiz Lab
Recent
Popular Today
Quiz Kudos Today
Editor Picks
Curator Picks
Quizzes by...
Day
Popularity
Type
Ratings
Length
Year
Community
Subscriptions
Recent Discussions
Orange Saloon
Badges
Playlists
Quests
Create
Leaderboards
Showdown
Live 5
Trivia Bingo
Activity
Puzzle Library
Sporcle Events
Private Events
Virtual Trivia
Globe League
Become a Host
Pub Owners
SporcleCon
Opinionation
Our Games
Videos
Blog
Mobile Apps
Partnerships
Remove Ads and Go Orange
Feedback
Gaming
Video Games
Board Games
Card Games
Pokémon
Mario
Nintendo
Minecraft
Console
Toys
Legend of Zelda
Gaming
Video Games
Board Games
Card Games
Pokémon
Mario
Nintendo
Minecraft
Console
Toys
Legend of Zelda
Random Quiz
Search Sporcle
×
Quiz Lab
Quiz Lab
Gaming
Mario
Type in answers that appear in a list
Type in answers that appear in a list
Classic
Best Score? Go Orange.
Mario Kart Wii Corses Stats
Can you name the Name all the Corses in Mario kart Wii?
By
Brad217
8m
32 Questions
33 Plays
33 Plays
33 Plays
Comments
Comments
Give Quiz Kudos
Give Quiz Kudos
-
- Ratings
hide this ad
Random Order
Randomize order of answers
Randomize order of answers
Replay
Link that replays current quiz
Next Quiz
Link to next quiz in quiz playlist
You Got
0%
They Got
Avg Score
29%
Avg Friend Score
Upgrade to see
Score Distribution
Jump to the score distribution portion of the page
Score
0/32
Timer
08:00
0
Plays Today
Cup
Corse
% Correct
Special Cup
Rainbow Road
69.7%
Mushroom Cup
Luigi Circuit
54.5%
Special Cup
Bowser's Castle
48.5%
Mushroom Cup
Moo Moo Meadows
45.5%
Mushroom Cup
Mushroom Gorge
45.5%
Mushroom Cup
Toad's Factory
45.5%
Flower Cup
Mario Circuit
45.5%
Star Cup
Daisy Circuit
42.4%
Flower Cup
DK Summit
39.4%
Special Cup
Dry Dry Ruins
39.4%
Flower Cup
Wario's Gold Mine
30.3%
Special Cup
Moonview Highway
30.3%
Flower Cup
Coconut Mall
27.3%
Star Cup
Grumble Volcano
27.3%
Star Cup
Koopa Cape
24.2%
Star Cup
Maple Treeway
18.2%
Cup
Corse
% Correct
Shell Cup
N64 Mario Raceway
18.2%
Banana Cup
N64 Sherbet Land
18.2%
Leaf Cup
N64 DK's Jungle Parkway
18.2%
Lightning Cup
N64 Bowser's Castle
18.2%
Shell Cup
GCN Peach Beach
15.2%
Shell Cup
SNES Ghost Valley 2
15.2%
Banana Cup
GCN Waluigi Stadium
15.2%
Leaf Cup
DS Desert Hills
15.2%
Leaf Cup
GBA Bowser Castle 3
15.2%
Lightning Cup
SNES Mario Circuit 3
15.2%
Shell Cup
DS Yoshi Falls
12.1%
Banana Cup
GBA Shy Guy Beach
12.1%
Banana Cup
DS Delfino Square
12.1%
Leaf Cup
GCN Mario Circuit
12.1%
Lightning Cup
DS Peach Gardens
12.1%
Lightning Cup
GCN DK Mountain
12.1%
Quiz Playlist
Details
Report
Send in Message
Add To Playlist
Classic:
Type in answers that appear in a list
Random Order:
Randomize order of answers
Last Updated: Feb 16, 2017
Quiz Scoreboard
CHALLENGE
Sign Up to Join the Scoreboard
Show All
Scores
Hide
Comments
May contain spoilers
Recently Published
Billboard Blitz: Fleetwood Mac
by CooCooCachoo
Music
15s
Presidents Visiting Landmarks
by Hejman
History
7m
An Introduction to Baseball
by treessimontrees
Sports
5m
More to Explore
Quiz From the Vault
Featured Blog Post
Where Did the Easter Bunny Come From?
hide this ad
You Might Also Like...
Tags
Mario Quiz
Nintendo Quiz
cup
kart
Mario Kart
Wii
Today's Top Quizzes in Gaming
Browse Gaming
hide this ad
Today's Top Quizzes in Mario
Browse Mario
Top Contributed Quizzes in Gaming
1
5-to-1: Consoles
2
7-to-1: Board Game Piece Blitz
3
5-to-1: Legend of Zelda
4
Destiny 2 exotic weapons by perk icons
5
League of Legends Pro Players by Career/Team History
6
Franchise by Action Figure
7
Ultimate Genshin Impact Logic Puzzle (up to 4.3)
8
Who's on the WWE 2K24 Cover?
9
Genshin Impact Logic Puzzle Quiz
10
Overwatch Logic Puzzle
Explore More
Trending Topics
Harry Potter
Kpop
Anime
NBA
Disney
Crossword
Marvel
Puzzle
Soccer
WWE
The Office
Song
Country
Pokémon
NFL
hide this ad
More By:
Brad217
Quiz
Plays
Rating
Category
Featured
Created
Mario party Original 6
3,983
4.40
Gaming
Nov 26, 2014
Name all the Parts of a computers
2,206
1.11
Science
Jul 5, 2010
Pixar Animated Classics
523
3.17
Entertainment
Jan 1, 2010
Mario Party Characters
372
3.75
Gaming
Nov 29, 2014
College Mascots
303
2.00
Sports
Mar 23, 2011
Go to Creator's Profile
Score Distribution
Quiz Creator Spotlight
Brad217
Follow
Send a Message
Quizzes Created
-
Created Quiz Play Count
-
More By This Creator
Popular Quizzes Today
1
Find the US States - No Outlines Minefield
2
Find the Countries of Europe - No Outlines Minefield
3
The Countries of the World
4
Find the US States
5
Risky Map Clicking: Biggest States A-Z
6
US States
7
Popular People in 1961
8
Movies - When Are They Set?
More Gaming Quizzes
Click the Rock Pokémon (Gen. 1)
Published
Trending Quizzes
Risky Map Clicking: Least Populous States A-Z
1-10 Letter G Words
1-10 Letter F Words
Risky Map Clicking: Next State Alphabetically
Risky Map Clicking: Biggest States A-Z
Recently Updated
Leaping Animals
pecheneg
Reality TV Shows (A-Z)
bhenderson79
Rickey Henderson's Hall of Fame Teammates
pecheneg
Champions League XIs: Arsenal
pecheneg
Quick Pick: Celebrities in WWE's Hall of Fame
aduchscher
A-Z Keypad Blitz II
pecheneg
Multiple Oscar Actors
pecheneg
Mystery Phrase Blitz: Oscar 'Best Actors'
pecheneg
F. Scott Fitzgerald Novels
LTH
Pick 3 Villains
ddd62291
Trending Topics
Disney
NBA
Anime
Kpop
Harry Potter
Marvel
Crossword
Soccer
NFL
Puzzle
Pokémon
WWE
The Office
Song
Country
Your Account Isn't Verified!
In order to create a playlist on Sporcle, you need to verify the email address you used during registration. Go to your
Sporcle Settings
to finish the process.
Report this User
Report this user for behavior that violates our
Community Guidelines
.
Details:
Send Report
Go to the Sporcle.com Mobile Site →
Comments